[Event "ROM-ch U12"]
[Site "Calimanesti"]
[Date "2018.03.29"]
[Round "4"]
[White "Veress, Armand"]
[Black "Neghiu, Cristian Andrei"]
[Result "0-1"]
[WhiteElo "1651"]
[BlackElo "1557"]
[PlyCount "100"]
[EventDate "2018.03.27"]
[EventType "swiss"]
[EventRounds "9"]
[EventCountry "ROU"]
[SourceTitle "CBM 183 Extra"]
[Source "ChessBase"]
[SourceDate "2018.04.19"]
[SourceVersion "1"]
[SourceVersionDate "2018.04.19"]
[SourceQuality "1"]

1. e4 e6 2. c4 c5 3. Nc3 Nc6 4. g3 b6 5. Bg2 Bb7 6. Nge2 Nf6 7. 0-0 Be7 8. d3 0-0 9. f4 Nd4 10. g4 Nxg4 11. Nxd4 cxd4 12. Qxg4 dxc3 13. bxc3 f5 14. Qe2 fxe4 15. Bxe4 Bxe4 16. Qxe4 Rc8 17. Bd2 Rf5 18. Rab1 Bd6 19. Rb5 Rxb5 20. cxb5 Rc5 21. f5 Rxb5 22. fxe6 Re5 23. Qc4 Rxe6 24. Qd5 Kh8 25. Bg5 Qe8 26. Kh1 Be7 27. Bxe7 Rxe7 28. Qb7 d6 29. Qd5 Re6 30. d4 h6 31. a4 Re2 32. Qf3 Kg8 33. Qd5+ Qe6 34. Qa8+ Kh7 35. Qf3 Re3 36. Qf7 Qe4+ 37. Kg1 Rxc3 38. Qxa7 Qxd4+ 39. Kh1 Rc2 40. Qb7 Qxa4 41. Qf7 Qe4+ 42. Qf3 Qxf3+ 43. Rxf3 d5 44. Rb3 Rc6 45. Rb5 d4 46. Rd5 Rc4 47. Rb5 d3 48. Rd5 Rc3 49. h4 b5 50. Kg2 b4 0-1